000
00183nam a2200073Ia 4500
008
170817s9999 xx 000 0 und d
100
_a
PANNEERSELVAM R.
245
0
_a
RESEARCH METHDOLOGY
260
_b
PRENTICE HALOF IN.
999
_c
36818
_d
36818